00391nam a22001457a 4500003000400000008004100004020001800045100001700063245007200080250000900152260002400161300000800185650003300193700001900226OSt210210b ||||| |||| 00| 0 eng d a9788131262979 aHALL,John E  aPocket companion to Guyton and Hall text book of Medical Physiology a14th aNew DelhibElsevier a721 aHuman Anatomy and Physiology aHALL,Michael E